000 00536nam a2200193Ia 4500
008 101110s9999 xx 000 0 und d
041 _aENGLISH
082 _bSR11391
_a651.75
100 _aDoctor Rhoda and Doctor Aspi
245 _aPrinciples and Practice of Bus. Communication
365 _b22
520 _aCommerce
546 _aENGLISH
630 _aPrinciples and Practice of Bus. Communication
650 _aCommerce
655 _aCommerce
730 _aPrinciples and Practice of Bus. Communication
942 _cBOOK
999 _c806152
_d806149